Album GIMS - Mon cœur avait raison - Statistiques

Statistiques générales
  • Ce quiz a été pris 55 fois
  • Le résultat moyen est 6 sur 15
Statistiques - réponses
Vues Musique % Correct
217M Brisé
74%
493M Est ce que tu m'aimes ?
72%
612M Sapés comme jamais
60%
69M Je te pardonne
58%
18M Mon cœur avait raison
58%
12M ABCD
40%
12M Hasta luego
40%
5,2M Number One
37%
4,1M Sans rétro
35%
51M Habibi
33%
216M Laisser passer
33%
3,8M Cadeaux
30%
36M Longue vie
30%
5,3M Contradiction
21%
5,3M Melynda Gates
21%
Aucun quiz correspondant
Distribution des résultats
% des personnes avec chaque résultat
Percentile par nombre de réponses
Votre historique - résultats
Vous n’avez pas pris ce quiz